V novom roku so zmenami v treťom pilieri
Sporenie v treťom pilieri a zmena v systéme poplatkov. Zavedenie limitov pre poplatky za správu. Zmeny súvisiace s prestupom a zmena účastníckej zmluvy. Zladenie znenia štatútov všetkých spravovaných fondov, ako aj dávkových plánov s ustanoveniami zákona účinného od 1. 1. 2010.
Uložené v:
| Hlavný autor: | |
|---|---|
| Médium: | Kapitola |
| Jazyk: | Slovak |
| Predmet: | |
| Tagy: |
Žiadne tagy, Buďte prvý, kto otaguje tento záznam!
|
MARC
| LEADER | 00000naa a2200000 4500 | ||
|---|---|---|---|
| 001 | 0136730 | ||
| 005 | 20220729111800.4 | ||
| 041 | 0 | |a slo | |
| 044 | |a SK | ||
| 245 | 1 | 0 | |a V novom roku so zmenami v treťom pilieri |c Jana Burdová |
| 520 | |a Sporenie v treťom pilieri a zmena v systéme poplatkov. Zavedenie limitov pre poplatky za správu. Zmeny súvisiace s prestupom a zmena účastníckej zmluvy. Zladenie znenia štatútov všetkých spravovaných fondov, ako aj dávkových plánov s ustanoveniami zákona účinného od 1. 1. 2010. | ||
| 610 | 2 | 0 | |a spoločnosti dôchodkové doplnkové |
| 610 | 2 | 0 | |a spoločnosti správcovské dôchodkové |
| 610 | 2 | 0 | |a fondy penzijné |
| 610 | 2 | 0 | |a sporenie dôchodkové doplnkové |
| 610 | 2 | 0 | |a účty osobné dôchodkové |
| 610 | 2 | 0 | |a poplatky |
| 610 | 2 | 0 | |a zákony |
| 100 | 1 | |a Burdová, Jana | |